Revolution in the revolution armed struggle and political struggle in Latin America

Saved in:
Bibliographic Details
Main Author: DEBRAY, Regis
Format: Book
Language:English
Published: Monthly Review Press 1967
Tags: Add Tag
No Tags, Be the first to tag this record!

MARC

LEADER 00000nam a22000007a 4500
008 210121b ||||| |||| 00| 0 eng d
100 |a DEBRAY, Regis 
245 |a Revolution in the revolution  |b armed struggle and political struggle in Latin America  |c Regis Debray 
260 |b Monthly Review Press  |c 1967  |h New York  |i 84827  |l U240 .D35 
942 |a lcc  |c BK  |e O.A.JOHNSON  |f 21/01/21 
952 |0 0  |1 0  |2 lcc  |4 0  |6 U0240 D35  |7 0  |9 1420  |a HOL  |b HOL  |c QZ  |d 2021-01-21  |l 0  |o U240 .D35  |p 2021-0221  |r 2021-01-21 00:00:00  |w 2021-01-21  |y BK 
999 |c 741  |d 741